00532 2200181 4500001002100000005001500021035002000036245009900056100001900155260004400174300002500218020002200243084001400265082000800279650001000287008004100297990001200338INLIS00000000000269720251007090550 a0010-09250000441 aPanduan Pendidikan Anti Korupsi!: Menciptakan Budaya Anti Korupsi di Sekolah /cYugha Erlangga aYugha Erlangga aJakarta :bEsensi Erlangga Group,c2014 a98 ;c(14,5 x 21 cm) a978-602-7596-61-0 a300 YUG p a300 4aFiksi251007 0  a0754899